000 00156nam a22000857a 4500
082 _a823
100 _aALOHA FRANKEL
245 _aONCE UPON A POTTY
942 _cBK
999 _c8156
_d8156